Reflexiones sobre mi poesía / (Record no. 12729)
[ view plain ]
| 000 -LEADER | |
|---|---|
| campo de control de longitud fija | 01124nam a2200253 i 4500 |
| 001 - NÚMERO DE CONTROL | |
| campo de control | 12729 |
| 003 - IDENTIFICADOR DE NÚMERO DE CONTROL | |
| campo de control | ES-MaACL |
| 005 - FECHA Y HORA DE LA ÚLTIMA TRANSACCIÓN | |
| campo de control | 20250823063027.0 |
| 007 - CAMPO FIJO DE DESCRIPCIÓN FÍSICA--INFORMACIÓN GENERAL | |
| campo de control de longitud fija | t| |
| 008 - DATOS DE LONGITUD FIJA--INFORMACIÓN GENERAL | |
| campo de control de longitud fija | 921029s1990 sp |||| | spa d |
| 080 ## - NÚMERO DE LA CLASIFICACIÓN DECIMAL UNIVERSAL | |
| Número de la Clasificación Decimal Universal | 860 Prado Nogueira, José Luis 1.06 |
| 100 1# - ENTRADA PRINCIPAL--NOMBRE DE PERSONA | |
| Nombre de persona | Prado Nogueira, José Luis, |
| Fechas asociadas al nombre | 1919-1990 |
| 9 (RLIN) | 93624 |
| 245 10 - MENCIÓN DEL TÍTULO | |
| Título | Reflexiones sobre mi poesía / |
| Mención de responsabilidad, etc. | José Luis Prado Nogueira. |
| 260 ## - PUBLICACIÓN, DISTRIBUCIÓN, ETC. | |
| Lugar de publicación, distribución, etc. | Madrid : |
| Nombre del editor, distribuidor, etc. | Escuela Universitaria de Formación del Profesorado de E.G.B. "Santa María, Universidad Autonoma", |
| Fecha de publicación, distribución, etc. | D.L. 1990. |
| 300 ## - DESCRIPCIÓN FÍSICA | |
| Extensión | 36 p. ; |
| Dimensiones | 21 cm. |
| 490 1# - MENCIÓN DE SERIE | |
| Mención de serie | Cuaderno de literatura ; |
| Designación de volumen o secuencia | 12 |
| 504 ## - NOTA DE BIBLIOGRAFÍA, ETC. | |
| Nota de bibliografía, etc. | Bibliografía. |
| 594 ## - Nota al título y mención de responsabilidad | |
| Nota al título y mención de responsabilidad | En port.: Conferencia pronunciada en la Escuela Universitaria de Formación del Profesorado de E.G.B. "Santa María, el día 16 de noviembre de 1989" |
| 600 14 - PUNTO DE ACCESO ADICIONAL DE MATERIA--NOMBRE DE PERSONA | |
| Nombre de persona | Prado Nogueira, José Luis, |
| Fechas asociadas al nombre | 1919-1990 |
| 9 (RLIN) | 93624 |
| 710 2# - ENTRADA AGREGADA--NOMBRE DE ENTIDAD CORPORATIVA | |
| Nombre de entidad corporativa o nombre de jurisdicción como elemento de entrada | Universidad Autónoma de Madrid. |
| Unidad subordinada | Escuela Universitaria de Formación del Profesorado de E.G.B. "Santa María" |
| 9 (RLIN) | 156765 |
| 830 0# - PUNTO DE ACCESO ADICIONAL DE SERIE-TÍTULO UNIFORME | |
| Título uniforme | Cuaderno de literatura ; |
| Designación de volumen o secuencia | 12 |
| 9 (RLIN) | 179363 |
| 852 ## - LOCALIZACIÓN | |
| Ubicación | ES-MaACL |
| Número de control de estantería | L-20119 |
| Estatus retirado | Estado de pérdida | Estado de daño | No para préstamo | Biblioteca de origen | Biblioteca actual | Ubicación en estantería | Fecha de adquisición | Fuente de adquisición | Total de préstamos | Signatura topográfica completa | Código de barras | Visto por última vez | Precio de reemplazo | Tipo de ítem Koha |
|---|---|---|---|---|---|---|---|---|---|---|---|---|---|---|
| Biblioteca del Ateneo de Madrid | Biblioteca del Ateneo de Madrid | Depósito 2 | 17/01/2008 | L-20119 | 1012966 | 23/02/2023 | 23/02/2023 | Libro impreso |
